000 00604nam a2200193 a 4500
001 000012704
005 20240530073915.0
008 091116s1955 dr 000 f spa d
040 _aDO-SdBNP
_bspa
_cBNPHU
082 _aRD863.44
_bP762d
100 1 _aPolanco Castro, Marta
_929476
245 1 3 _aEl destino manda /
_cMarta Polanco Castro.
260 _aCuidad Trujillo, República Dominicana :
_bLibrería Dominicana,
_c1955.
300 _a97 p. ;
_c22 cm.
650 0 _aNovela dominicana
_9223
650 0 _aLiteratura dominicana.
_967
910 _aValidado. Control de calidad BNPHU
049 _aBNPD
999 _c12355
_d12355